书目信息 |
| 书名: | Communication | |
| 作者: | William J. Seiler, Melissa L. Beall. | |
| 分册号: | ||
| 分册名: | 出版地: | Boston, MA : |
|
| 出版社: | Allyn and Bacon | |
| 出版时间: | c2002. | |
| 页数: | xxx, 471 p. : | |
| 开本: | 26 cm. | |
| 丛书名: | ||
| 中图分类号: | ||
| 科图分类号: | ||
| 其他分类号: | C912.3 | |
| 主题词: | ||
| 电子资源: | ||
| 000 | 00707nam 22000241i 450 | |
| 001 | 0202062469 | |
| 005 | 20070321092505.39 | |
| 008 | 010117m2002 u y a b 001 0 | |
| 020 | @a020533542X (alk. paper). | |
| 041 | @aeng | |
| 050 | @aP90@b.S3994 2002 | |
| 082 | 04 | @a302.2/242@221 |
| 090 | @aC912.3 | |
| 090 | @aC912.3 | |
| 099 | @dC912.3@ex53=5 | |
| 100 | 1 | @aSeiler@cWilliam J. |
| 245 | 10 | @aCommunication / @cWilliam J. Seiler, Melissa L. Beall. |
| 250 | @a5th ed. | |
| 260 | 1 | @aBoston, MA :@bAllyn and Bacon,@cc2002. |
| 300 | @axxx, 471 p. :@bill. (some col.) ;@c26 cm. | |
| 504 | @aIncludes bibliographical references and index. | |
| 650 | 4 | @aCommunication |
| 700 | 1 | @aBeall@cMelissa L. |
| Communication / / William J. Seiler, Melissa L. Beall.-5th ed.-Boston, MA : : Allyn and Bacon, , c2002. |
| xxx, 471 p. : : ill. (some col.) ; ; 26 cm. |
| Includes bibliographical references and index. |
| ISBN 020533542X (alk. paper). |
| ● |
| 相关链接 |
|
|
|
|
正题名:Communication
索取号:C912.3/x53=5
 
预约/预借
| 序号 | 登录号 | 条形码 | 馆藏地/架位号 | 状态 | 备注 |
| 1 | 0003117 | 300031178 | 第二样本阅览室/ [索取号:C912.3/x53=5] | 在馆 |